000 00350nam a22001457a 4500
003 OSt
005 20260102110220.0
008 260102b |||||||| |||| 00| 0 eng d
020 _a9789355434661
040 _c
082 _a150
_bGAV
245 _aThe Art of being alone
_cGavrani,Renuka
260 _bAmaryllis
_c2023
942 _2ddc
_cBK
_k150
_mGAV
_n0
999 _c36300
_d36300